000 00549nam a2200217Ia 4500
003 OSt
005 20220918192213.0
006 a|||||r|||| 00| 0
007 ta
008 220917b |||||||| |||| 00| 0 eng d
024 _a67,451
037 _cTextual
040 _aARTS
_cARTS
_beng
041 _2eng
_aeng
082 _aR3xM06w, J4
100 _aPacke Michael St. John
_978631
245 0 _aLife of John Stuart Mill
260 _c1954
942 _hR3xM06w, J4
_cTEXL
_2CC
999 _c193684
_d193684